LIBRARY & INFORMATION CENTRE, KCAET, TAVANUR

ONLINE PUBLIC ACCESS CATALOGUE (OPAC)

Basic mechanical maintenance procedures at water and wastewater plants (Record no. 15634)

MARC details
000 -LEADER
fixed length control field 00406nam a22001457a 4500
003 - CONTROL NUMBER IDENTIFIER
control field OSt
008 - FIXED-LENGTH DATA ELEMENTS--GENERAL INFORMATION
fixed length control field 190522b ||||| |||| 00| 0 eng d
020 ## - INTERNATIONAL STANDARD BOOK NUMBER
ISBN 0873714296
082 ## - DEWEY DECIMAL CLASSIFICATION NUMBER
Classification number 628.162
Item number TIL/BA
100 ## - MAIN ENTRY--AUTHOR NAME
Personal name Tillman, Glenn M.
245 ## - TITLE STATEMENT
Title Basic mechanical maintenance procedures at water and wastewater plants
260 ## - PUBLICATION, DISTRIBUTION, ETC. (IMPRINT)
Place of publication America
Name of publisher Lewis Publishers, INC.
Year of publication 1991
300 ## - PHYSICAL DESCRIPTION
Number of Pages 172 p.
942 ## - ADDED ENTRY ELEMENTS (KOHA)
Koha item type Books
Holdings
Withdrawn status Lost status Damaged status Collection code Home library Current library Shelving location Date acquired Full call number Accession Number Koha item type
      Non-fiction KAUAET KAUAET General Stacks 22/05/2019 628.162 TIL/BA 25888 Books
free website counter